| 000 | 01667cam a2200397 a 4500 | ||
|---|---|---|---|
| 001 | EDZ0000018873 | ||
| 003 | StDuBDS | ||
| 005 | 20161031105214.0 | ||
| 006 | m||||||||d|||||||| | ||
| 007 | cr ||||||||||| | ||
| 008 | 110107s2003 caua fo 001|0|eng d | ||
| 020 |
_a9781412950589 (ebook) : _cNo price |
||
| 040 |
_aStDuBDS _beng _cStDuBDS _epn |
||
| 049 | _aAlfaisal Main Library | ||
| 050 | 4 | _aH62 | |
| 082 | 0 | 4 |
_a300.72 _222 |
| 245 | 0 | 4 |
_aThe SAGE encyclopedia of social science research methods _h[electronic resource] / _cMichael S. Lewis-Beck, Alan Bryman, Tim Futing Liao, editors. |
| 246 | 3 | 0 | _aSocial science research methods |
| 260 |
_aThousand Oaks, [Calif.] ; _aLondon : _bSAGE, _c2003. |
||
| 300 |
_a1 online resource (3 v. (xlvi, 1305 p.)) : _bill. |
||
| 520 | 8 | _aFeaturing over 900 entries, this resource covers all disciplines within the social sciences with both concise definitions & in-depth essays. | |
| 521 | _aSpecialized. | ||
| 588 | _aDescription based on print version record. | ||
| 504 | _aIncludes bibliographical references and index. | ||
| 650 | 0 |
_aSocial sciences _xResearch _vEncyclopedias. |
|
| 650 | 0 |
_aSocial sciences _xMethodology _vEncyclopedias. |
|
| 655 | 7 |
_aElectronic books. _2local |
|
| 700 | 1 | _aLewis-Beck, Michael S. | |
| 700 | 1 | _aBryman, Alan. | |
| 700 | 1 | _aLiao, Tim Futing. | |
| 710 | 2 | _aSage eBooks | |
| 776 | 0 | 8 |
_iPrint version : _z9780761923633 |
| 856 | 4 | 0 |
_3SAGE research methods _uhttp://methods.sagepub.com/reference/the-sage-encyclopedia-of-social-science-research-methods |
| 856 | 4 | 0 | _uhttp://ezproxy.alfaisal.edu/login?url=http://sk.sagepub.com/reference/socialscience |
| 942 |
_2lcc _cEBOOKS |
||
| 999 |
_c481668 _d481668 |
||